Discursos leídos en la sesión inaugural del año académico de 1886-87 de la Sociedad Ginecológica Española verificada el día 2 de febrero de 1887 / (Record no. 46567)

MARC details
000 -LEADER
campo de control de longitud fija 01043nam a2200241 i 4500
001 - NÚMERO DE CONTROL
campo de control 46567
003 - IDENTIFICADOR DE NÚMERO DE CONTROL
campo de control ES-MaACL
005 - FECHA Y HORA DE LA ÚLTIMA TRANSACCIÓN
campo de control 20251011063105.0
007 - CAMPO FIJO DE DESCRIPCIÓN FÍSICA--INFORMACIÓN GENERAL
campo de control de longitud fija t|
008 - DATOS DE LONGITUD FIJA--INFORMACIÓN GENERAL
campo de control de longitud fija 030409s1887 sp ||||1| spa d
100 1# - ENTRADA PRINCIPAL--NOMBRE DE PERSONA
Nombre de persona Cospedal Tomé, Antonio María,
Fechas asociadas al nombre 1855-1949
9 (RLIN) 41003
245 10 - MENCIÓN DEL TÍTULO
Título Discursos leídos en la sesión inaugural del año académico de 1886-87 de la Sociedad Ginecológica Española verificada el día 2 de febrero de 1887 /
Mención de responsabilidad, etc. por los doctores D. Antonio María Cospedal Tomé, secretario general, y D. Ramón García Baeza y Frau, socio numerario.
260 ## - PUBLICACIÓN, DISTRIBUCIÓN, ETC.
Lugar de publicación, distribución, etc. Madrid :
Nombre del editor, distribuidor, etc. [s.n.],
Fecha de publicación, distribución, etc. 1887 (
Fabricante Imp. de F. Maroto e Hijos)
300 ## - DESCRIPCIÓN FÍSICA
Extensión 96 p. ;
Dimensiones 24 cm.
500 ## - NOTA GENERAL
Nota general Tema del discurso de R. García Baeza y Frau: "La sordo-mudez en la infancia"
650 #4 - PUNTO DE ACCESO ADICIONAL DE MATERIA--TÉRMINO DE MATERIA
Término de materia o nombre geográfico como elemento de entrada Sordera.
9 (RLIN) 150814
700 1# - ENTRADA AGREGADA--NOMBRE PERSONAL
Nombre de persona García Baeza y Frau, Ramón.
9 (RLIN) 54212
710 2# - ENTRADA AGREGADA--NOMBRE DE ENTIDAD CORPORATIVA
Nombre de entidad corporativa o nombre de jurisdicción como elemento de entrada Sociedad Ginecológica Española.
9 (RLIN) 6779
852 ## - LOCALIZACIÓN
Ubicación ES-MaACL
Número de control de estantería T-452-F-10
852 ## - LOCALIZACIÓN
Ubicación ES-MaACL
Número de control de estantería T-682-F-8
852 ## - LOCALIZACIÓN
Ubicación ES-MaACL
Número de control de estantería Fol-Laf-129
Holdings
Estatus retirado Estado de pérdida Estado de daño No para préstamo Colección Biblioteca de origen Biblioteca actual Ubicación en estantería Fecha de adquisición Fuente de adquisición Total de préstamos Signatura topográfica completa Código de barras Visto por última vez Precio de reemplazo Tipo de ítem Koha
        Colección de folletos Biblioteca del Ateneo de Madrid Biblioteca del Ateneo de Madrid Depósito folletos 17/01/2008     Fol-Laf-129 1048976 23/02/2023 23/02/2023 Folleto
        Colección de folletos Biblioteca del Ateneo de Madrid Biblioteca del Ateneo de Madrid Depósito folletos 17/01/2008     T-452-F-10 1048974 23/02/2023 23/02/2023 Folleto
        Colección de folletos Biblioteca del Ateneo de Madrid Biblioteca del Ateneo de Madrid Depósito folletos 17/01/2008     T-682-F-8 1048975 23/02/2023 23/02/2023 Folleto